History Quiz

Random History or Biography Quiz

Famous From the 14th & 15th Centuries Quiz Stats

 Plays Quiz Updated Mar 6, 2018

Challenge
Share
Tweet
Embed
Score 0/45 Timer 09:00
4 Plays Today
Person Missing (alphabetical) % Correct
Joan of ___Arc
99.2%
Christopher ___Columbus
84.1%
___ VII of EnglandHenry
81.9%
___ AlighieriDante
75.3%
___ the ImpalerVlad
72.6%
___ HusJan
68.7%
Robert the ___Bruce
65%
King ___ III of EnglandRichard
64.2%
___ ChaucerGeoffrey
63.5%
Saint ___ of SienaCatherine
61.5%
___ I, the CatholicIsabella
58.3%
___ III of EnglandEdward
57.7%
___ III, the GreatIvan
56.5%
___ GutenbergJohannes
53.1%
___ VII the VictoriousCharles
51.2%
Famiglia de' ___Medici
50.7%
Sandro ___Botticelli
49.9%
___ CaxtonWilliam
42.8%
William of ___Ockham/Occam
39.8%
John ___Cabot
38%
Prince Henry the ___Navigator
38%
___ IMoctezuma
37.4%
___ VI of FrancePhilip
36.2%
Person Missing (alphabetical) % Correct
___ II of AragonFerdinand
31.4%
Pope ___ XIIGregory
31%
Bartolomeu ___Dias
30.5%
Pope ___ VClement
27.6%
___ di Niccolò di Betto BardiDonato (Donatello)
23.4%
___ the MagnificentLorenzo
23.2%
Jan & Hubert van ___Eyck
21.9%
Giovanni ___Boccaccio
21%
___ XI PalaeologusConstantine
20.8%
___ FouquetJean
20.2%
Tomás de ___Torquemada
18.8%
Zhu Di, The Yongle ___Emperor
18%
___ BattutaIbn
16.6%
Pope ___ VIIIBoniface
16.3%
Fatih Sultan ___Mehmet
16.3%
___ the LameTimur
16%
Pope ___ IVSixtus
15.4%
___ of Cusa (Kues)Nicholas
14.2%
___ I of DenmarkMargaret
14.1%
Admiral ___ HeZheng
13.4%
___ de PizanChristine
11.4%
John ___Wycliffe
10%

You're not logged in!

Compare scores with friends on all Sporcle quizzes.
Join for Free
OR
Log In

You Might Also Like...

Show Comments

Extras

Top Quizzes Today


Score Distribution

Your Account Isn't Verified!

In order to create a playlist on Sporcle, you need to verify the email address you used during registration. Go to your Sporcle Settings to finish the process.

Report this User

Report this user for behavior that violates our Community Guidelines.

Details: